Eingeben A - Statistiken

Allgemein
  • Dieses Quiz wurde 476 mal gespielt
  • Das Durchschnittsergebnis liegt bei 46 aus 49
Antwortstatistiken
Eingeben A % Korrekt
A
100%
A
100%
AA
98%
AAA
98%
A
97%
A
97%
AA
97%
AA
97%
AAAA
97%
A
96%
A
96%
A
96%
A
96%
A
96%
A
96%
A
96%
AA
96%
AA
96%
AA
96%
AAA
96%
A
95%
A
95%
A
95%
A
95%
A
95%
A
95%
A
95%
AAAA
95%
A
94%
A
94%
A
94%
A
94%
AAAA
94%
A
93%
A
93%
A
93%
A
93%
A
93%
AA
93%
AA
93%
AAA
93%
A
92%
A
92%
A
92%
AA
92%
A
91%
A
91%
A
91%
A
91%
Keine übereinstimmenden Quizze gefunden
Verteilung der Resultate
Anzahl Personen mit jedem Resultat
Perzentil nach korrekt beantworteten Fragen
Ihre Resultats-Entwicklung
Sie haben dieses Quiz noch nicht gespielt